000 01279nem a2200385 a 4500
001 000108885
003 CHAP
005 20220329144028.0
008 140318s2013 it abj|||||| |r|||||eng d
010 _a105347
011 _a106319
020 _a9789251074497
040 _cCHAP
082 0 4 _a631.4
_bF212y
245 1 0 _aState of the art report on global and regional soil information :
_bwhere are we? where to go? /
_cpor Christian Omuto, Freddy Nachtergaele y Ronald Vargas Rojas.
260 _aRoma :
_bFAO,
_c2013.
300 _a69 p. :
_bil., diagrs., maps, tabs.
490 1 _aSoil partnership technical report
590 _aE5995AHE
_b05
_c20140318
_lUCH01
_h1103
590 _aE5995AHE
_b05
_c20140318
_lUCH01
_h1114
590 _aE5995AHE
_b05
_c20140318
_lUCH01
_h1117
650 4 _aBases de datos.
_910684
650 4 _aCartografía.
_919644
650 4 _aSuelos.
_9110191
650 4 _aSuelos
_vMapas
_zAmerica Latina.
_9125958
650 4 _aSuelos
_vMapas
_zCaribe.
_9125959
650 4 _aSuelos
_vMapas
_zEuropa.
_9125957
700 1 _aNachtergaele, Freddy
_9125954
700 1 _aOmuto, Christian
_9125953
700 1 _aVargas Rojas, Ronald
_9118088
830 0 _aSoil Partnership technical report
_9125955
901 _aMP
942 _cLIBRO
942 _n0
999 _c105347
_d105347